000 00441cam a2200181ua 4500
020 _c9.60
041 _aeng
_h
082 _a604.2
_bBIN/EN
100 _aBinns, H .
245 _aEngineering workshop drawing , Vol I /
_cH.Binns.
_hTextual Documents
250 _a1 /
_b.
260 _aLondon :
_bEnglish Universities Press ,
_c1963.
300 _a100 ; .
365 _a9.60
504 _a
942 _cBK
999 _c1444
_d1444